| 000 | 00388nam a2200133Ia 4500 | ||
|---|---|---|---|
| 008 | 170221s9999 xx 000 0 und d | ||
| 100 | _aO'Meara, Taleitha | ||
| 245 | _aCompulsory Annuitisation: A Policy Option for Australia? | ||
| 245 | _cTaleitha O'Meara and Aaron Bruhn | ||
| 260 | _c2014 | ||
| 300 | _a4 : | ||
| 650 | _xBusiness | ||
| 856 | _uhttp://ro.uow.edu.au/aabfj/vol7/iss3/2/ | ||
| 999 |
_c313195 _d313195 |
||